000 01116cam a2200337 a 4500
001 4207475
003 ARRUPE
005 20161010155811.0
008 820120s1982 nyu b 001 0 eng
010 _a 81048233
020 _a0394523180 :
_c$11.50
020 _a0394706471 (pbk.) :
_c$3.95
040 _aDLC
_cDLC
_dDLC
043 _an-us---
050 0 0 _aHN59.2.P56
_b
082 0 0 _a361.6/1/0973
_219
100 1 _aPiven, Frances Fox.
_925554
245 1 4 _aThe new class war :
_bReagan's attack on the welfare state and its consequences /
_cFrances Fox Piven & Richard A. Cloward.
250 _a1st ed.
260 _aNew York :
_bPantheon Books,
_cc1982.
300 _axi, 163 p. ;
_c22 cm.
500 _aIncludes index.
504 _aBibliography: p. [151]-155.
650 0 _aWelfare state.
_97525
650 0 _aSocial classes
_zUnited States.
_926665
650 0 _aUnited States
_xSocial policy
_y1980-
_926666
650 0 _aUnited States
_xEconomic policy
_y1971-
_926667
700 1 _aCloward, Richard A.
_926668
906 _a7
_bcbc
_corignew
_d1
_eocip
_f19
_gy-gencatlg
942 _2lcc
_cMONOGRAPH
999 _c125487
_d125487